ENGLISH LANGUAGE TEACHING (Record no. 33649)

MARC details
000 -LEADER
fixed length control field 00336nam a22001457a 4500
003 - CONTROL NUMBER IDENTIFIER
control field SGT
020 ## - INTERNATIONAL STANDARD BOOK NUMBER
International Standard Book Number 9788179104071
082 ## - DEWEY DECIMAL CLASSIFICATION NUMBER
Classification number 428.0071,MAH
100 ## - MAIN ENTRY--PERSONAL NAME
Personal name MAHANAD,ANAND
245 ## - TITLE STATEMENT
Title ENGLISH LANGUAGE TEACHING
260 ## - PUBLICATION, DISTRIBUTION, ETC. (IMPRINT)
Place of publication, distribution, etc JAIPUR
Name of publisher, distributor, etc AAVISHKAR PUBLISHERS DISTRIBUTORS
Year of Publication 2013
300 ## - PAGE DESCRIPTION
No. of Pages 152
650 ## - SUBJECT ADDED ENTRY--TOPICAL TERM
Topical term or geographic name as entry element ENGLISH
942 ## - ADDED ENTRY ELEMENTS (KOHA)
Source of classification or shelving scheme Dewey Decimal Classification
Koha item type Books
Holdings
Withdrawn status Lost status Source of classification or shelving scheme Damaged status Use restrictions Not for loan Collection code Home library Current library Shelving location Date acquired Vendor Name Cost, normal purchase price SGTU Bill Number Full call number Accession No. (Barcode) Date last seen Bill Date Koha item type Total Checkouts
    Dewey Decimal Classification   Restricted Access Not For Loan EDUCATION SGT Engineering Library SGT Engineering Library Reference Book 28/01/2026 BRIJWASI BOOK DISTRIBUTORS 575.00 SGTU IN/BW/000380 428.0071,MAH ED5483 28/01/2026 20/12/2025 Books  
    Dewey Decimal Classification       EDUCATION SGT Engineering Library SGT Engineering Library Text Book 28/01/2026 BRIJWASI BOOK DISTRIBUTORS 575.00 SGTU IN/BW/000380 428.0071,MAH ED5484 28/01/2026 20/12/2025 Books  
    Dewey Decimal Classification       EDUCATION SGT Engineering Library SGT Engineering Library Text Book 28/01/2026 BRIJWASI BOOK DISTRIBUTORS 575.00 SGTU IN/BW/000380 428.0071,MAH ED5485 28/01/2026 20/12/2025 Books